Ελληνική ναυτιλία = Hellinic shipping : δυναμικός συντελεστής ανάπτυξης και άξιος πρεσβευτής της χώρας μας στο εξωτερικό

Αποθηκεύτηκε σε:
Λεπτομέρειες βιβλιογραφικής εγγραφής
Συγγραφή απο Οργανισμό/Αρχή: Υπουργείο Εμπορικής Ναυτιλίας
Μορφή: Βιβλίο
Γλώσσα:Greek
English
Δημοσίευση: [Αθήνα] : Υπουργείο Εμπορικής Ναυτιλίας, [199-].
Θέματα:
Ετικέτες: Προσθήκη ετικέτας
Δεν υπάρχουν, Καταχωρήστε ετικέτα πρώτοι!

MARC

LEADER 00000cam a2200000 i 4500
001 1/63184
008 980707q199u####gr | | || |||| ||gre||
035 |l 10029208 
040 |a GR-MY-UA  |b gre  |e aacr 
041 0 |a gre  |h eng 
082 0 |a 387.5495  
110 2 |a Υπουργείο Εμπορικής Ναυτιλίας. 
245 1 0 |a Ελληνική ναυτιλία =   |b Hellinic shipping : δυναμικός συντελεστής ανάπτυξης και άξιος πρεσβευτής της χώρας μας στο εξωτερικό /   |c Υπουργείο Εμπορικής Ναυτιλίας.  
246 1 |i Παράλληλος τίτλος:   |a Hellinic shipping :   |b a dynamic development factor of national economy and an effective world representative of our country  
260 |a [Αθήνα] :   |b Υπουργείο Εμπορικής Ναυτιλίας,   |c [199-].  
300 |a 24 σ. ;   |c 19 εκ.  
650 0 0 |a Shipping  |z Greece. 
852 |a INST  |b CHIOS  |e 19980707  |h 387.5495 ΥΠΟ  |p 005200016050  |q 005200016050  |t BK  |y 0 
901 |a BIBL-1998-2 
909 |a Χ  |b 054691 
970 |z 2000/09/ΔΕΜΕΝΑΓΑΣ